Schulte, Jörg. Jan Kochanowski und die europäische Renaissance. - Wiesbaden

Titel: Schulte, Jörg. Jan Kochanowski und die europäische Renaissance. - Wiesbaden : Harrassowitz. - 2011 [Rezension]
Verfasser:
In: Comenius-Jahrbuch, Band 19 (2011), Seite 193-194
alle Artikel anzeigen
Veröffentlicht: 2011 [2012]
Format: Aufsatz
Sprache: Deutsch
Kein Bild verfügbar
X
alg: 39508570
001A    $01999:12-11-16 
001B    $06050:02-02-26 $t06:39:14.000 
001D    $01999:12-11-16 
001U    $0utf8 
001X    $00 
002@    $0Aox 
003@    $0395085705 
007A    $0395085705 $aHEB 
007T    $0Herdc0096211m 
010@    $ager 
011@    $a2011 $n2011 [2012] 
021A    $aSchulte, Jörg. Jan Kochanowski und die europäische Renaissance. - Wiesbaden $dHarrassowitz. -  2011 [Rezension] 
028A    $aEhinger $dSiglind 
031A    $d19 $h193-194 $j2011 
039B    $aIn $8--Abvc--. Comenius-Jahrbuch. - Baden-Baden : Academia Verlag, 1993-. - ISSN 0945-313X $x201100000190000807 $9048643025 
039T    $8--Aau--Schulte, Jörg$Z1974- [Tp1]. Jan Kochanowski und die europäische Renaissance. - Wiesbaden : Harrassowitz, 2011. - 263 Seiten. - Diagramme. - ISBN 978-3-447-06609-9 $9290634490 
045F    $a900.9437 $eDDC23BSB 
045F/01 $a900 
045F/03 $g437 
045F/03 $g438 
045T    $a1 $a5,3 
045T    $aTHEO $qDE-21 $2FID 

lok: 39508570 78

exp: 39508570 78 1 #EPN
201B/01 $018-11-16 $t13:42:05.000 
201U/01 $0utf8 
203@/01 $0791384349 
208@/01 $a12-11-16 $be 
209A/01 $a/ $f000 $x00 
220C/01 $aTitelaufnehmer: pg 
220C/01 $aHerkunft: HI Marburg 
220C/01 $aAnmerkung: *ng 
244Z/01 $2Trx $#Kesk- ja Ida- Euroopa kontseptsioonid $#Vidurio Europos koncepcijos $#East-Central Europe $#Keletközépeurópa-eszmék $#Europa Środkowo-Wschodnia koncepcje $#Európa stredovýchodná koncepcie $#Evropa střední, východní část koncepce $#Mitteleuropa $#Osteuropakonzeptionen $#Europa Środkowa koncepcje $#Stredná Európa koncepcie $#Střední Europa koncepce $8--Trx--Ostmitteleuropakonzeptionen $x01 $9391364286 
244Z/01 $2Trx $#Poola $#Lenkija $#Polija $#Polen Land $#Poland $#Lengyelország $#Poľsko $#Polsko $8--Trx--Polska$gkraj $x02 $9391345966 
244Z/01 $2Trx $#arvustused $#recenzijos $#Reviews $#recenziók $#recenzje $#recenzie $#recenze $8--Trx--Rezensionen $x03 $9391357441 
247C/01 $82080>Marburg/Lahn, Herder-Institut, Forschungsbibliothek, Bibliographieportal $9336309341
LEADER 00000caa a22000002c 4500
001 395085705
003 DE-603
005 20260202063914.0
007 tu
008 161112s2011 xx |||| | u00||u|ger c
035 |a (DE-599)HEB395085705 
040 |a DE-603  |b ger  |c DE-603  |d DE-603 
041 |a ger 
082 0 4 |8 1\u  |a 900.9437  |q DE-101  |2 23/BSB 
084 |a 1  |a 5,3  |2 ssgn 
084 |a THEO  |q DE-21  |2 fid 
085 |8 1\u  |b 900 
085 |8 1\u  |z 2  |s 437 
085 |8 1\u  |z 2  |s 438 
100 1 |a Ehinger, Siglind 
245 0 0 |a Schulte, Jörg. Jan Kochanowski und die europäische Renaissance. - Wiesbaden  |b Harrassowitz. - 2011 [Rezension] 
264 0 |c 2011 [2012] 
773 0 8 |i In  |t Comenius-Jahrbuch  |d Baden-Baden : Academia Verlag, 1993-  |x 0945-313X  |g Band 19 (2011), Seite 193-194  |w (DE-603)048643025  |w (DE-600)1180744-1 
787 0 8 |i Rezension von  |a Schulte, Jörg, 1974-  |t Jan Kochanowski und die europäische Renaissance  |d Wiesbaden : Harrassowitz, 2011  |h 263 Seiten, Diagramme  |z 9783447066099  |z 3447066091  |w (DE-603)290634490 
924 0 |9 2080  |a (DE-603)791384349  |b DE-2080  |c HES  |d d  |g /